Super Smash Bros. Fighters #58 - The Roy Quiz - Statistics

General Stats
  • This quiz has been taken 52 times
  • The average score is 5 of 10
Answer Stats
Hint Answer % Correct
What is Roy’s signature colour? Magenta
91%
What accessory is Roy best known for wearing? Sunglasses
84%
What game did Roy first appear in (not including cameos)? Super Mario Bros. 3
84%
What beach sport does Roy play in the 2016 Olympic Games? Beach Volleyball
72%
Roy appears as an enemy in this augmented reality racing game: Mario Kart Live: Home Circuit
53%
A drawing in Print World misspells Roy’s name as what? Ray
42%
What is Roy’s name in the TV show adaptation of this game? Bully Koopa
33%
Which rock and roll musician is Roy named after? Roy Orbison
30%
What land could Roy be seen ruling over in this game? Sky Land
12%
Excess of toasters is a problem for this hotel owned by Roy: Roy’s {HardBrick} Hotel
9%
No matching quizzes found
Score Distribution
Percent of People with Each Score
Percentile by Number Answered
Your Score History
You have not taken this quiz